Cổ phiếu và thị trường

Gespeichert in:
Bibliographische Detailangaben
1. Verfasser: Hà Hưng Quốc
Format: Buch
Sprache:Undetermined
Veröffentlicht: Hà Nội Thống Kê 2004
Schlagworte:
Tags: Tag hinzufügen
Keine Tags, Fügen Sie den ersten Tag hinzu!
Thư viện lưu trữ: Trung tâm Học liệu Trường Đại học Cần Thơ
LEADER 00535nam a2200193Ia 4500
001 CTU_59582
008 210402s9999 xx 000 0 und d
020 |b 36000 
082 |a 332.642 
082 |b Qu451 
100 |a Hà Hưng Quốc 
245 0 |a Cổ phiếu và thị trường 
245 0 |c Hà Hưng Quốc 
260 |a Hà Nội 
260 |b Thống Kê 
260 |c 2004 
650 |a stock exchanges,bills of exchange 
904 |i Minh 
980 |a Trung tâm Học liệu Trường Đại học Cần Thơ